| 000 | 01002nam a2200313Ia 4500 | ||
|---|---|---|---|
| 003 | OSt | ||
| 005 | 20221007121214.0 | ||
| 006 | a|||||r|||| 00| 0 | ||
| 007 | ta | ||
| 008 | 221006b |||||||| |||| 00| 0 eng d | ||
| 020 | _a9788172337285 (hbk) | ||
| 024 | _a166534 | ||
| 037 |
_b2752, 26/12/2011, Insat Books & Periodicals _cTextual |
||
| 040 |
_aBDL _cBDL _beng |
||
| 041 |
_2eng _aeng |
||
| 082 | _aJ381.2, Q1 Carb | ||
| 100 | _aSingh R K | ||
| 245 | 0 |
_aUpland rice in India _b Mandal N P Singh C V Anatha M S |
|
| 260 |
_aJodhpur _bScientific publishers _c2011 |
||
| 300 |
_aviii; 389p. _ccm. |
||
| 650 | _a Agriculture | ||
| 650 |
_a Upland rice in India _9711005 |
||
| 650 | _aBotany | ||
| 700 |
_a Anatha M S _9711006 |
||
| 700 |
_a Mandal N P _9711007 |
||
| 700 |
_a Singh C V _9711008 |
||
| 942 |
_hJ381.2, Q1 Carb _cTEXL _2CC |
||
| 999 |
_c1208553 _d1208553 |
||